| 000 | 01134cam a2200313 a 4500 | ||
|---|---|---|---|
| 999 |
_c20852 _d20852 |
||
| 001 | 2349374 | ||
| 005 | 20170120144511.0 | ||
| 008 | 830125s1983 fluaf b s001 0 eng | ||
| 010 | _a 83001241 | ||
| 020 | _a0813007550 (alk. paper) | ||
| 041 | 0 | _aengspa | |
| 043 | _ae-sp--- | ||
| 050 | 0 | 0 | _aNA6840.S72M3233 1983 |
| 100 | 1 |
_aAllen, John Jay, _d1932- |
|
| 245 | 1 | 4 |
_aThe reconstruction of a Spanish Golden Age playhouse : _bEl Corral del PrÃncipe, 1583-1744 / _cJohn J. Allen. |
| 260 |
_aGainesville : _bUniversity Presses of Florida, _cc1983. |
||
| 300 |
_axii, 129 p., [2] folded p. of plates : _bill. ; _c27 cm. |
||
| 500 | _a"A University of Florida book." | ||
| 500 | _aEnglish and Spanish. | ||
| 500 | _aIncludes index. | ||
| 504 | _aBibliography: p. 123-124. | ||
| 610 | 2 | 0 | _aCorral del PrÃncipe. |
| 651 | 0 |
_aMadrid (Spain) _xBuildings, structures, etc. |
|
| 942 |
_2lcc _cBOOKS _hNA6840.S72M3233 1983 |
||